000 00921nam a2200253 a 4500
001 000022497
005 20240305082246.0
008 101012s1997 dr 001 0 spa d
020 _a848400208X
040 _aDO-SdBNP
_bspa
_cBNPHU
082 _a322.1097293
_bP438i, 1997
100 1 _aPérez Memén, Fernando,
_d1943-
_938744
245 1 3 _aLa iglesia y el Estado en Santo Domingo (1700-1853) /
_cFernando Pérez Memén.
250 _a2a. ed.
260 _aSanto Domingo :
_bTaller,
_c1997.
300 _axvi, 730 p. ;
_c23 cm.
500 _aIncluye índice analítico
500 _aIncluye datos biográficos del autor en las solapas
504 _aBibliografía : p. 694-704
590 _aInventariado, 2019/BT
650 4 _aIglesia y estado
_xHistoria
_zRepública Dominicana
_y1700-1853
_946342
651 4 _aLa Española (Isla{Rpara}
_xHistoria Eclesiastica
_946343
910 _aValidado. Control de calidad MFF
999 _c21995
_d21995